LEADER 00929nam a2200181 i 4500 001 000000212426 003 CaOOAMICUS 005 20120411000000.0 008 120411s1803 it u000 u fre u 013 $a191257 026 $ar.e- ese, stme sote (3) 1803 (A) 040 $aSeMil$bita 245 10$aTome 1., Livre 2. 300 $a[2], 347, V p. 773 0 $aMoysant, François <1735-1813>$tBibliothèque portative des écrivains françois, ou Choix des meilleurs morceaux extraits de leurs ouvrages en prose, par MM. Moysant et de Levizac. Tome 1. [-3.].$dLondres : Chez Dulau : Robinson, Pater-noster Row et Mawman, Poultry, 1803 ([Londra] : De l'impr. de L. Nardini, 1803)$bSeconde édition considérablement augmentée et sur un nouveau plan.$g1$w()26586 850 $aSeMil 852 $aSeMil$W1$xVenegono$y1$m1V VI 33 FA$j162860$B162860$CSeMilBibl$Z2$F174008 $8I 996 $6245$aTome 1., Livre 2$9(OLS)http://semarc/title/306695 LEADER 01237nam a2200265 i 4500 001 000000229818 003 CaOOAMICUS 005 20140519000000.0 008 140519s1996 fr u000 u fre u 013 $a208720 020 $a2-204-05518-2 040 $aSeMil$bita 100 1 $aBérulle, Pierre : de,$c.$0(OLS)http://semarc/name/13670 245 10$aDiscours de l'état et des grandeurs de Jésus ; 2. Narré Vie, de Jésus, Elévations /$ctexte établi et annoté par Joseph Beaude ... [et al.] ; sous la direction de Michel Dupuy. 300 $a511 p. 500 $aFondo Bidoglio. 700 1 $aDupuy, Michel.$0(OLS)http://semarc/name/23621 700 1 $aBeaude, Joseph.$0(OLS)http://semarc/name/79289 773 0 $aBérulle, Pierre : de $tOeuvres complètes.$dParis : Les Éditions du Cerf, 1975.$g8$w()29914 850 $aSeMil 852 $aSeMil$W1$xVenegono$y1$m2C II 620$j180164$B180164$CSeMilBibl$Z2$F191959 $81 941 1 $a2 961 $aLascito: Bidoglio don Maurizio 996 $6020$a2-204-05518-2$9(OLS)http://semarc/number/232406 996 $6245$aDiscours de l'état et des grandeurs de Jésus ; 2. Narré Vie, de Jésus, Elévations$9(OLS)http://semarc/title/328583